| 000 | 00000nam 2200000za 4500 |
| 001 | 9.805225 |
| 003 | CaOODSP |
| 005 | 20221107135610 |
| 007 | cr ||||||||||| |
| 008 | 151030s2015||||onca||||o f00| 0 eng d |
| 020 | |a9780660037028 |
| 040 | |aCaOODSP|beng |
| 043 | |an-cn--- |
| 086 | 1 |aHP35-64/1-2015E-PDF |
| 245 | 00|aToward health equity |h[electronic resource] : |ba practice tool. |
| 260 | |aOttawa : |bPublic Health Agency of Canada, |c2015. |
| 300 | |a[1] p. : |bgraphs. |
| 500 | |aIssued also in French under title: Vers l'équité en santé : un outil de pratique. |
| 500 | |aSee also HP35-64/2-2015E-PDF (Toward health equity : a tool for developing equity-sensitive public health interventions). |
| 710 | 2 |aPublic Health Agency of Canada. |
| 775 | 08|tVers l'équité en santé |w(CaOODSP)9.805227 |
| 856 | 40|qaccessible PDF|s260 KB|uhttps://publications.gc.ca/collections/collection_2015/aspc-phac/HP35-64-1-2015-eng.pdf |
| 986 | |aPub. : 150136 |